书目信息 |
| 题名: |
民事司法疑难问题解答
|
|
| 作者: | 吕忠梅 主编 | |
| 分册: | ||
| 出版信息: | 北京 中国检察出版社 2004.01 |
|
| 页数: | 11, 333页 | |
| 开本: | 20cm | |
| 丛书名: | ||
| 单 册: | ||
| 中图分类: | D925.105 | |
| 科图分类: | ||
| 主题词: | 民事诉讼法--min shi su song fa--基本知识--中国 | |
| 电子资源: | ||
| ISBN: | 7-80185-184-6 | |
| 000 | 00902nam0 2200241 450 | |
| 001 | 012006248422 | |
| 005 | 20060302130855.18 | |
| 010 | @a7-80185-184-6@dCNY20.00 | |
| 100 | @a20060302d2004 km y0chiy0120 ea | |
| 101 | 0 | @achi |
| 102 | @aCN@b110000 | |
| 105 | @ay z 000yy | |
| 200 | 1 | @a民事司法疑难问题解答@Amin shi si fa yi nan wen ti jie da@e知识产权法适用部分@f吕忠梅主编@Flu zhong mei zhu bian |
| 210 | @a北京@c中国检察出版社@d2004.01 | |
| 215 | @a11, 333页@d20cm | |
| 330 | @a本书更多的从法律适用与审判实务方面进行了安排,考虑到我国审判业务的分类现状与案件定性情况对知识产权法进行了介绍。 | |
| 333 | @a公检法律师办案用书 | |
| 517 | 1 | @a知识产权法适用部分@Azhi shi chan quan fa shi yong bu fen |
| 606 | 0 | @a民事诉讼法@Amin shi su song fa@x基本知识@y中国 |
| 690 | @aD925.105@v4 | |
| 701 | 0 | @a吕忠梅@Alu zhong mei@4主编 |
| 801 | 0 | @aCN@bQSSK@c20060302 |
| 905 | @a10447@dD925.105@eL903 | |
| 民事司法疑难问题解答:知识产权法适用部分/吕忠梅主编.-北京:中国检察出版社,2004.01 |
| 11, 333页;20cm |
| 使用对象:公检法律师办案用书 |
| ISBN 7-80185-184-6:CNY20.00 |
| 本书更多的从法律适用与审判实务方面进行了安排,考虑到我国审判业务的分类现状与案件定性情况对知识产权法进行了介绍。 |
| ● |
| 相关链接 |
|
|
|
正题名:民事司法疑难问题解答
索取号:D925.105/L903
 
预约/预借
| 序号 | 登录号 | 条形码 | 馆藏地/架位号 | 状态 | 备注 |
| 1 | 552947 | 205529472 | 社科库509/509社科库 100排2列6层/ [索取号:D925.105/L903] | 在馆 | |
| 2 | 552948 | 205529481 | 社科库509/509社科库 100排2列4层/ [索取号:D925.105/L903] | 在馆 | |
| 3 | 552949 | 205529490 | 社科库509/509社科库 100排2列6层/ [索取号:D925.105/L903] | 在馆 |